000 00328nam a2200133Ia 4500
005 20260326100047.0
008 260326s9999||||xx |||||||||||||| ||und||
100 _aWolff, Rainer
245 0 _aLa Vivienda Mínima /
_cRainer Wolff
260 _bGustavo Gili
300 _a83 p.
650 _aARQUITECTURA RESIDENCIAL
942 _cBK
999 _c7233
_d7233